| 000 | 00334nam a2200133Ia 4500 | ||
|---|---|---|---|
| 005 | 20251222155140.0 | ||
| 008 | 251222s9999||||xx |||||||||||||| ||spa|| | ||
| 082 | _aEBA. 02.1 | ||
| 100 | _aKING, WIEEK, D. | ||
| 245 | 0 | _aManual Técnicas Modernas Enfermeria Vol. I | |
| 250 | _a1ra. ed. | ||
| 264 | _bInteramericana-Mc | ||
| 942 | _cLIB | ||
| 999 |
_c39143 _d39143 |
||